Exercise testing and interpretation : A practical approach

Sparad:
Bibliografiska uppgifter
Huvudupphovsman: Cooper, Christopher B.
Materialtyp: Bok
Språk:Undetermined
Publicerad: Cambridge, UK Cambridge University Press 2001
Ämnen:
Taggar: Lägg till en tagg
Inga taggar, Lägg till första taggen!
Thư viện lưu trữ: Trung tâm Học liệu Trường Đại học Cần Thơ
LEADER 00589nam a2200205Ia 4500
001 CTU_130657
008 210402s9999 xx 000 0 und d
020 |c 73.10 
082 |a 613.710287 
082 |b C776 
100 |a Cooper, Christopher B. 
245 0 |a Exercise testing and interpretation : 
245 2 |b A practical approach 
245 0 |c Christopher B. Cooper, Thomas W. Storer. 
260 |a Cambridge, UK 
260 |b Cambridge University Press 
260 |c 2001 
650 |a Exercise tests. 
904 |i Minh 
980 |a Trung tâm Học liệu Trường Đại học Cần Thơ